000 00923nam a22002537a 4500
999 _c3144
_d3144
003 AR-CdUCM
008 190306b ||||| |||| 00| 0 spa d
040 _aMUNICIPALIDAD PROVINCIAL DEL CUSCO
_cBIBLIOTECA MUNICIPAL DEL CUSCO
082 _a376.51 /
_bOR74
100 _aOrtiz Castillo, Felix
_910597
245 _aGestion Universitaria /
260 _aCusco :
_bUniversitaria,
_c1995.
300 _a280 paginas ;
_bCuadros, tablas,
_c20cm.
500 _aUniversidad Nacional de San Antonio Abad del Cusco
505 _aContenido- Reseña sobre Universidad -- Gestion administrativa -- Gestion academica -- La universidad para el siglo XXI
650 _aUniversidad
_91570
650 _aGestion administrativa
_910598
650 _aPerú
_935
650 _aGestion Universitaria
_910599
700 _aGaldo Bellota, Julio
_910600
700 _aCondori Condori, Moisés
_910601
942 _2ddc
_cLIBROS
945 _apjha